Statistiques concernant Géographie de la France par lettre - O

Cliquez ici pour prendre le quiz!

Statistiques générales

  • Ce quiz a été pris 361 fois
  • Le résultat moyen est 10 sur 20

Statistiques - réponses

QuestionRéponse% Correct
Région ayant Toulouse pour chef-lieuOccitanie
97%
Département situé au nord de l'Île de FranceOise
93%
Chef-lieu de la région Centre-Val-de-LoireOrléans
91%
Commune du Val-de-Marne donnant son nom à un aéroport très fréquentéOrly
90%
Deuxième île de métropole par superficie, derrière la CorseÎle d'{Oléron}
88%
Ville de Vaucluse au nom coloré, on y trouve des vestiges romainsOrange
85%
Département normandOrne
84%
Partie du littoral du Pas-de-Calais longue de 90 km et située en face des côtes anglaisesCôte-d'{Opale}
66%
Deuxième ville de l'Ain, aux pieds du JuraOyonnax
55%
Région naturelle vendéenne, le nom d'une sous-préfecture en fait mentionLes {Olonnes}
42%
Île de la mer d'Iroise, elle constitue le lieu habité le plus occidental de métropoleÎle d'{Ouessant}
35%
Sous-préfecture des Pyrénées-AtlantiquesOloron-Sainte-Marie
30%
Ancienne commune de la métropole de Lyon, ayant fusionné avec Pierre-BéniteOullins
22%
Montagne emblématique des Pyrénées-Atlantiques, culminant à près de 2 900mPic du midi d'{Ossau}
22%
Affluent de la seine coulant entre les Yvelines et l'EssonneOrge
17%
Attol néo-calédonien, lieu d'une prise d'otage menée par les indépendantistesOuvéa
11%
Hameau situé au sud de Font-Romeu, le nom complet de la commune y fait référenceOdeillo
10%
Région naturelle alpine, à cheval sur l'Isère et les Hautes-AlpesOisans
9%
Fleuve sud-américain marquant la frontière entre la France et le BrésilOyapock
7%
Rivière bretonne d'environ 150 kilomètres se jetant dans la VilaineOust
5%

Distribution des résultats

Percentile par nombre de réponses

% des personnes avec chaque résultat

Votre développement - résultats

Vous n’avez pas pris ce quiz